000
00212nam a22000857a 4500
003
SGT
245
_a
LIGHTING JOURNAL(FEB,APRIL,,JUNE,AUG)
260
_a
NEW DELHI
_b
STANDARD INDUSTRIES LIMITED
_c
2011
942
_2
ddc
_c
BV
999
_c
16989
_d
16989